[Event "Dubna op"]
[Site "Dubna"]
[Date "2000.??.??"]
[Round "4"]
[White "Blaiwas, Juli Petrovich"]
[Black "Gorshkov, Yuri"]
[Result "0-1"]
[WhiteElo "2203"]
[BlackElo "2291"]
[PlyCount "30"]
[EventDate "2000.??.??"]
[EventType "swiss"]
[EventRounds "9"]
[EventCountry "RUS"]
[SourceTitle "EXT 2002"]
[Source "ChessBase"]
[SourceDate "2001.11.25"]
[SourceVersion "1"]
[SourceVersionDate "2001.11.25"]
[SourceQuality "1"]

1. e4 c5 2. Nf3 e6 3. d4 cxd4 4. Nxd4 a6 5. Be2 Nf6 6. Nc3 d6 7. 0-0 Be7 8. Be3 Qc7 9. a4 Nc6 10. f4 0-0 11. Bf3 Na5 12. Nce2 Nc4 13. Bc1 e5 14. Nf5 Bxf5 15. exf5 e4 0-1

[Event "Dubna op"]
[Site "Dubna"]
[Date "2000.??.??"]
[Round "2"]
[White "Degtiarev, Evgeny"]
[Black "Blaiwas, Juli Petrovich"]
[Result "1-0"]
[WhiteElo "2107"]
[BlackElo "2203"]
[PlyCount "43"]
[EventDate "2000.??.??"]
[EventType "swiss"]
[EventRounds "9"]
[EventCountry "RUS"]
[SourceTitle "EXT 2002"]
[Source "ChessBase"]
[SourceDate "2001.11.25"]
[SourceVersion "1"]
[SourceVersionDate "2001.11.25"]
[SourceQuality "1"]

1. d4 Nf6 2. c4 c5 3. d5 e6 4. Nc3 exd5 5. cxd5 d6 6. e4 g6 7. Bd3 Bg7 8. h3 0-0 9. Nf3 Na6 10. 0-0 Nc7 11. a4 Rb8 12. Nd2 a6 13. a5 b5 14. axb6 Rxb6 15. Nc4 Rb4 16. Be3 Re8 17. e5 Nfxd5 18. exd6 Nxe3 19. dxc7 Qg5 20. fxe3 Bxh3 21. Qf3 Be6 22. Rxa6 1-0